| 000 | 00832nam a2200217Ia 4500 | ||
|---|---|---|---|
| 001 | 15427 | ||
| 005 | 20260417164307.0 | ||
| 008 | 260306t2013||||xx |||||||||||||| ||und|| | ||
| 041 | _aESP | ||
| 082 |
_a540 _bB94 2013 |
||
| 100 |
_aBurns, Ralph A. _eAUT |
||
| 245 | 0 | _aFundamentos de química | |
| 260 | _c2013 | ||
| 300 |
_axxxiv, 739 páginas : _c26 cm. |
||
| 650 | _aGEN | ||
| 654 | _aCCN | ||
| 856 |
_uhttps://itmsp.museknowledge.com/UCSP?url=https://www.ebooks7-24.com:443/?il=3955&pg=1 _zVersión digital (2011) |
||
| 856 |
_uhttps://0u213wwy1-y-https-ebooks7--24-com.itmsp.museknowledge.com/biblioteca.aspx _zVéase además: Base de datos Ebook7-24 |
||
| 856 |
_uhttps://0u20fwwy5-y-https-research-ebsco-com.itmsp.museknowledge.com/c/qxo6us/search _zVéase además: Base de datos EBSCOhost |
||
| 942 |
_cLIB _dJUS _fJUS _2ddc |
||
| 999 |
_c15427 _d15427 |
||